000 01824nam a2200397 c 4500
003 BLK
005 20241027004021.0
008 180409b bul|||||r ||||||| ||bul||
010 _aKNG00101552000
040 _aBLK
041 _aBUL
_cBUL
080 _aБългарска литература
_b821.163.2
_x-8
_z821.163.2-8
080 _aБългарска литература
_b821.163.2
_x(092)
_z821.163.2(092)
080 _aБългарска поетеса
_b929 Дубарова, Петя Стойкова
_x
_z929 Дубарова, Петя Стойкова
100 1 _aДубарова, Петя Стойкова
_eпърви автор
_9365274
700 _aАндреев, Веселин
_gАндреев, Георги Георгиев
_9367274
139 _aДубарова, Петя Стойкова
_bД 92
245 1 0 _aНай-синьото вълшебство
_bСтихове ; Импресии, разкази ; Писма ; Из "Дневник" ; Спомени за нея ; Писатели за нея ; Из писма за нея ; Венци за нея
_cПетя Стойкова Дубарова; състав. и ред. Веселин Андреев.
257 _aBGR
260 София
_bБълг. писател
_c1988
300 _a543 с.
_c20 см
380 _aX
500 _a120 112 тир.
600 1 4 _aДубарова, Петя Стойкова
_9365274
653 _aПетя Дубарова
653 _aстихотворения
653 _aразкази
653 _aписма
653 _aимпресии
852 _aЦб 155873
856 4 _qpdf
_u
856 4 _qpdf
_u
942 _cKNG
_n0
_017
944 _aCR
_c01.01.1999
_lCRON CRON
_k
944 _aED
_c18.09.2017
_lф /
_kХристина_Везирева
999 _c96652
_d96652